000 00524nam a2200193Ia 4500
003 OSt
005 20250210161433.0
008 210210b1986 xxu||||| |||| 00| 0 eng d
040 _aAL
_c
041 _aKannada
082 _aK894.3 USHB
100 _aUSHA NAVARATNARAM
_929793
_dಉಷಾ ನವರತ್ನರಾಂ
245 _aBelli Tere
_bಬೆಳ್ಳಿ ತೆರೆ
260 _aBengaluru
_bPrakasha Sahitya
_c1986
300 _a219
690 _aKannada Fiction
_929794
906 _a040193
942 _2ddc
_cBK
999 _c90402
_d90402